| 000 | 00898nam a2200253 4500 | ||
|---|---|---|---|
| 001 | 112958 | ||
| 003 | ES-MaACL | ||
| 005 | 20250726073007.0 | ||
| 007 | t| | ||
| 008 | 061121s1985 sp r ||||1| spa d | ||
| 020 | _a84-00-05990-5 | ||
| 080 | _a551.791(460.27) | ||
| 080 | _a56(460.27) | ||
| 245 | 0 | 0 |
_aGeología y paleontología del terciario continental de la provincia de Madrid / _ccoordinadora María Teresa Alberdi. |
| 260 |
_aMadrid : _bMuseo Nacional de Ciencias, _c1985. |
||
| 300 |
_a105 p. : _bil ; _c28 cm. |
||
| 504 | _aBibliografía. | ||
| 650 | 4 |
_aEstratigrafía- _zMadrid (Comunidad Autónoma)- _yTerciario. _9148305 |
|
| 650 | 4 |
_aFósiles- _zMadrid (Comunidad Autónoma) _9148306 |
|
| 700 | 1 |
_aAlberdi Alonso, María Teresa. _919277 |
|
| 710 | 2 |
_aMuseo Nacional de Ciencias Naturales (España) _95897 |
|
| 852 |
_aES-MaACL _jL-8775 _bR.110587 |
||
| 999 |
_c112958 _d112958 |
||